000 00598cam a22001457a 4500
008 180718b1998 xxu||||| |||| 00| 0 eng d
082 _aA81x54 91/16/PT5A&5B/D
100 _aCensus of India 1991
245 _aMeghalaya: migration tables
260 _aDelhi
_bThe Controller of Publications
_c1998
300 _a957+p.
440 _aCensus of India 1991. Series-16, Meghalaya. Part VA & VB-D series
500 _aContents: Tables D-1, D-2, D-3, D-4, D-5, D-6, D-7, D-8, D-9, D-10, D-11(S), D-11(F), D-12, D-13, D-14, D-15, -16A, D-16B and D-17
650 _aMeghalaya - Migration, Internal - Census
999 _c487581
_d487581